书目信息 |
| 题名: |
西方管理学经典名著选读
|
|
| 作者: | 张初愚 选编/导读 | |
| 分册: | ||
| 出版信息: | 北京 中国人民大学出版社 2005.08 |
|
| 页数: | 663页 | |
| 开本: | 26cm | |
| 丛书名: | 人文社科经典名著选读 | |
| 单 册: | ||
| 中图分类: | H319.4:C93 , H319.4 | |
| 科图分类: | ||
| 主题词: | 管理学--guan li xue--英语--语言读物 | |
| 电子资源: | ||
| ISBN: | 7-300-06722-0 | |
| 000 | 01128nam 2200265 450 | |
| 001 | 012006451750 | |
| 005 | 20060920103915.25 | |
| 010 | @a7-300-06722-0@dCNY50.00 | |
| 100 | @a20060703d2005 km y0chiy0120 ea | |
| 101 | 0 | @achi@aeng |
| 102 | @aCN@b110000 | |
| 105 | @aa z 000yy | |
| 200 | 1 | @a西方管理学经典名著选读@Axi fang guan li xue jing dian ming zhu xuan du@d= Selections from classics of western management@f张初愚选编/导读@Fzhang chu yu xuan bian/dao du@zeng |
| 210 | @a北京@c中国人民大学出版社@d2005.08 | |
| 215 | @a663页@c图@d26cm | |
| 225 | 2 | @a人文社科经典名著选读@Aren wen she ke jing dian ming zhu xuan du |
| 330 | @a本书选取七位管理学专家,他们分别从不同的角度回答了不同历史时期管理实践中提出的各种难题。可以看到管理学发展的历史轨迹,了解管理学涉及的各个层面,及管理学的发展趋势。 | |
| 410 | 0 | @12001 @a人文社科经典名著选读 |
| 510 | 1 | @aSelections from classics of western management@zeng |
| 606 | 0 | @a管理学@Aguan li xue@x英语@j语言读物 |
| 690 | @aH319.4:C93@v4 | |
| 690 | @aH319.4@v4 | |
| 701 | 0 | @a张初愚@Azhang chu yu@4选编/导读 |
| 801 | 0 | @aCN@bQSSK@c20060920 |
| 905 | @a10447@dH319.4@eZ088 | |
| 西方管理学经典名著选读= Selections from classics of western management/张初愚选编/导读.-北京:中国人民大学出版社,2005.08 |
| 663页:图;26cm.-(人文社科经典名著选读) |
| ISBN 7-300-06722-0:CNY50.00 |
| 本书选取七位管理学专家,他们分别从不同的角度回答了不同历史时期管理实践中提出的各种难题。可以看到管理学发展的历史轨迹,了解管理学涉及的各个层面,及管理学的发展趋势。 |
| ● |
| 相关链接 |
|
|
|
正题名:西方管理学经典名著选读
索取号:H319.4/Z088
 
预约/预借
| 序号 | 登录号 | 条形码 | 馆藏地/架位号 | 状态 | 备注 |
| 1 | 593275 | 205932758 | 语言库209/209语言库 50排7列3层/ [索取号:H319.4/Z088] | 在馆 | |
| 2 | 593276 | 205932767 | 语言库209/209语言库 50排7列3层/ [索取号:H319.4/Z088] | 在馆 | |
| 3 | 593277 | 205932776 | 语言库209/209语言库 50排7列3层/ [索取号:H319.4/Z088] | 在馆 |